Οργανωσιακή συμπεριφορά και δεξιότητες επικοινωνίας

Αποθηκεύτηκε σε:
Λεπτομέρειες βιβλιογραφικής εγγραφής
Κύριος συγγραφέας: Τομαράς, Αλέξανδρος Χρ. 1945-
Μορφή: Βιβλίο
Γλώσσα:Greek
Δημοσίευση: Αθήνα : Νέων Τεχνολογιών, c1996
Θέματα:
Ετικέτες: Προσθήκη ετικέτας
Δεν υπάρχουν, Καταχωρήστε ετικέτα πρώτοι!

MARC

LEADER 00000nam a2200000 i 4500
001 1/53689
008 070903s1996 gre d
020 |a 960-7235-75-4 
035 |l 10090355 
040 |a GR-MY-UA  |b gre  |e aacr 
041 0 |a gre 
082 0 |a 658.4  |2 (22) 
100 1 |a Τομαράς, Αλέξανδρος Χρ.  |d 1945- 
245 1 0 |a Οργανωσιακή συμπεριφορά και δεξιότητες επικοινωνίας /  |c Αλέξανδρου Χρ. Τομαρά 
260 |a Αθήνα :   |b Νέων Τεχνολογιών,   |c c1996 
300 |a 107 σ.;  |c 30 εκ. 
504 |a Περιλαμβάνει βιβλιογραφία 
650 0 0 |a Organizational behavior. 
650 0 0 |a Management information systems. 
852 |a INST  |b CHIOS  |e 20070903  |h 658.4 ΤΟΜ  |p 005200025959  |q 005200025959  |t BK  |y 0 
901 |a BIBL2-2007-3 
909 |a Χ  |b 136123 
922 |a 2ΕΛΗ  |b 200707  |c ΕΠΕΑΕΚ2/ΤΜΟΔ  |d Σ. ΠΑΤΑΚΗΣ 
970 |a ΒΑΣΙΛΑΚΗ  |b ΝΙΚΗ  |z 2007/09/03